WWII: Axis... or Allies? - Statistics

General Stats
  • This quiz has been taken 3,775 times
    100 since last reset
  • The average score is 13 of 15
Answer Stats
Question Answer % Correct
United States Allies
99%
United Kingdom Allies
99%
Germany Axis
99%
Japan Axis
98%
Switzerland Neither
98%
Italy Axis
95%
Australia Allies
93%
Soviet Union Allies
92%
Ireland Neither
83%
Spain Neither
83%
Portugal Neither
81%
China Allies
78%
Bulgaria Axis
77%
Romania Axis
69%
Thailand Axis
41%
No matching quizzes found
Score Distribution
Percent of People with Each Score
Percentile by Number Answered
Your Score History
You have not taken this quiz since the last reset